000 01693nam0a2200337 4500
001 RU\NLR\bibl\1412723
005 20250615211707.0
010 _a978-5-98301-026-0
_9150
021 _aRU
_b2009-54619
_93369
035 _a(NLR Aleph) 001404702
090 _a1244637
_c1244637
100 _a20090915d2008 |||y0rusy50 ca
101 0 _arus
102 _aRU
105 _aa |||||||||
200 1 _aРекомендации по оказанию первой медицинской помощи потерпевшим
_eучебно-методическое пособие
_eдля студентов высших и средних учебных заведений
_fА.Е. Коцюба, С.А. Синенко, М.Е. Бабич
210 _aВладивосток
_cМедицина ДВ
_d2008
215 _a140 с.
_cил.
_d21
300 _aЗагл. обл.: Рекомендации по оказанию первой медицинской помощи пострадавшим
320 _aБиблиогр.: с. 139-140 (22 назв.)
512 0 _aРекомендации по оказанию первой медицинской помощи пострадавшим
606 1 _aПервая помощь
_jУчебно-методические пособия
_9998215
_3RU\NLR\auth\6660376
686 _aР35,31я73
700 1 _aКоцюба
_bА. Е.
_gАлександр Евгеньевич
_4070
701 1 _aСиненко
_bС. А.
_gСергей Андреевич
_4070
701 1 _aБабич
_bМ. Е.
_gМаксим Евгеньевич
_4070
801 0 _aRU
_bNLR
_c20090915
_gRCR
801 1 _aRU
_bNLR
_c20090915
942 _cBOOK
980 _aNB